[Event "Kieler Open 2014-A"]
[Site "Kiel"]
[Date "2014.08.04"]
[Round "5.14"]
[White "Neuendorf, Max"]
[Black "Kröncke, Manfred"]
[Result "1/2-1/2"]
[WhiteElo "1885"]
[BlackElo "2024"]
[PlyCount "72"]
[EventDate "2014.??.??"]
[WhiteTeam "Flensburg"]
[BlackTeam "Glückstadt"]

1. e4 c5 2. c3 d5 3. exd5 Qxd5 4. d4 Nf6 5. Nf3 Bg4 6. Be2 e6 7. h3 Bh5 8. O-O
Be7 9. Qa4+ Nc6 10. Rd1 O-O 11. c4 Qd6 12. dxc5 Qxc5 13. a3 Bxf3 14. Bxf3 Rfd8
15. Rxd8+ Rxd8 16. Be3 Qa5 17. Nc3 Qxa4 18. Nxa4 Ne5 19. Be2 Rc8 20. Rc1 b6 21.
c5 bxc5 22. Nxc5 Nd5 23. Na6 Rxc1+ 24. Bxc1 Nc6 25. Bf3 Nd4 26. Bxd5 exd5 27.
Be3 Nc6 28. b4 d4 29. Bf4 g5 30. Nb8 Nxb4 31. axb4 gxf4 32. Nc6 Bd6 33. Nxa7
Bxb4 34. Nc6 Bc5 35. Kf1 f6 36. Ke2 d3+ {(=)} 1/2-1/2

[Event "Kieler Open 2014-A"]
[Site "Kiel"]
[Date "2014.08.04"]
[Round "5.15"]
[White "Schramm, Bernd"]
[Black "Nixdorf, André"]
[Result "0-1"]
[WhiteElo "2024"]
[BlackElo "1964"]
[PlyCount "70"]
[EventDate "2014.??.??"]
[WhiteTeam "Kieler SG"]
[BlackTeam "Norderstedt"]

1. e4 c5 2. Nf3 d6 3. d4 cxd4 4. Nxd4 Nf6 5. Nc3 a6 6. Be3 e5 7. Nb3 Be6 8. f3
Be7 9. Qd2 Nbd7 10. g4 b5 11. g5 b4 12. Nd5 Nxd5 13. exd5 Bf5 14. h4 a5 15. Bd3
Bxd3 16. Qxd3 a4 17. Nd2 Qa5 18. O-O-O b3 19. cxb3 a3 20. Qc3 axb2+ 21. Qxb2
Qxa2 22. Qxa2 Rxa2 23. Kb1 Ra5 24. Nc4 Rb5 25. Kb2 O-O 26. Rd3 Ra8 27. Ra1 Rxa1
28. Kxa1 f6 29. Kb2 Kf7 30. Ka3 Nc5 31. Rc3 Nd7 32. Rd3 Nc5 33. Bxc5 dxc5 34.
Ne3 c4+ 35. Ka4 Rb4+ 0-1

[Event "Kieler Open 2014-A"]
[Site "Kiel"]
[Date "2014.08.04"]
[Round "5.16"]
[White "Hildenbrand, Peter"]
[Black "Hauptmann, Thomas"]
[Result "1/2-1/2"]
[WhiteElo "2240"]
[BlackElo "1971"]
[PlyCount "56"]
[EventDate "2014.??.??"]
[WhiteTeam "Leimen"]
[BlackTeam "Amsterdam"]

1. d4 Nf6 2. Nf3 b6 3. g3 Bb7 4. Bg2 e6 5. O-O Be7 6. b3 O-O 7. Bb2 d5 8. Nbd2
Nbd7 9. Ne5 c5 10. e3 Rc8 11. Rc1 Rc7 12. Re1 Nxe5 13. dxe5 Ne4 14. Nb1 c4 15.
Bd4 cxb3 16. axb3 Nc5 17. b4 Nd7 18. c3 Qc8 19. Nd2 Nb8 20. b5 Nd7 21. Ra1 Ba8
22. e4 Nc5 23. exd5 Bxd5 24. Bxd5 exd5 25. Qh5 Ne6 26. Nf3 Qd7 27. Reb1 Rfc8
28. Kg2 Bc5 {(=)} 1/2-1/2

[Event "Kieler Open 2014-A"]
[Site "Kiel"]
[Date "2014.08.04"]
[Round "5.17"]
[White "Jacobsen, Mikkel Manosri"]
[Black "Haffner, Alexander"]
[Result "1-0"]
[WhiteElo "2007"]
[BlackElo "2126"]
[PlyCount "80"]
[EventDate "2014.??.??"]
[BlackTeam "Doppelbauer Kiel"]

1. d4 Nf6 2. Nf3 e6 3. Bf4 b6 4. e3 Be7 5. Nbd2 Bb7 6. Bd3 d6 7. h3 Nbd7 8. O-O
a5 9. e4 Ba6 10. c4 d5 11. Qc2 c5 12. Rfe1 dxe4 13. Nxe4 O-O 14. dxc5 Nxc5 15.
Nxf6+ Bxf6 16. Bxh7+ Kh8 17. Rad1 Qc8 18. Bd6 Rd8 19. Ne5 Ra7 20. Ng4 Be7 21.
Bxe7 Rxe7 22. Rxd8+ Qxd8 23. Ne5 Bb7 24. Nd3 Nxd3 25. Bxd3 Rd7 26. Re3 Rd4 27.
Qe2 g6 28. Rg3 Qd6 29. Qc2 e5 30. Qb3 Kg7 31. Re3 a4 32. Qc3 f5 33. Bc2 Bc6 34.
h4 Kf6 35. h5 gxh5 36. Rh3 h4 37. Qe3 f4 38. Qe2 Kg5 39. g3 Rd2 40. gxh4+ Kh6 {
ZÜ} 1-0

[Event "Kieler Open 2014-A"]
[Site "Kiel"]
[Date "2014.08.04"]
[Round "5.18"]
[White "Saglam, Bülent"]
[Black "Andersen, Niels Erik"]
[Result "1-0"]
[WhiteElo "2097"]
[BlackElo "1947"]
[PlyCount "75"]
[EventDate "2014.??.??"]
[WhiteTeam "Doppelbauer Kiel"]

1. e4 c5 2. Nf3 d6 3. c3 e6 4. d4 d5 5. exd5 exd5 6. Bb5+ Bd7 7. Qe2+ Qe7 8.
Be3 Bxb5 9. Qxb5+ Qd7 10. Qe2 c4 11. O-O Nc6 12. Bg5+ Be7 13. b3 Qe6 14. Qb2
Qd7 15. bxc4 h6 16. Bxe7 Ngxe7 17. cxd5 Qxd5 18. Nbd2 O-O 19. c4 Qa5 20. d5 Nd8
21. Rfe1 Nc8 22. Nd4 Qb6 23. Qc3 Qg6 24. Re3 Nd6 25. Rg3 Qf6 26. Rf3 Qg6 27.
Rg3 Qf6 28. Rf3 Qg6 29. Re1 Rc8 30. Rg3 Qf6 31. Rf3 Qg6 32. Rg3 Qf6 33. Ne4
Nxe4 34. Rxe4 b6 35. Rf3 Qg6 36. Nf5 Kh7 37. Rg3 Qf6 38. Rxg7+ 1-0

[Event "Kieler Open 2014-A"]
[Site "Kiel"]
[Date "2014.08.04"]
[Round "5.19"]
[White "Diederichs, Luise"]
[Black "Quiring, Nikolai"]
[Result "1/2-1/2"]
[WhiteElo "1968"]
[BlackElo "2078"]
[PlyCount "50"]
[EventDate "2014.??.??"]
[WhiteTeam "Hermannsburg"]
[BlackTeam "Rendsburg"]

1. g3 d5 2. Bg2 e5 3. c4 c6 4. cxd5 cxd5 5. Nf3 Nc6 6. O-O Nf6 7. d3 Be7 8. Nc3
O-O 9. a3 h6 10. b4 d4 11. Nb1 a6 12. Nbd2 Be6 13. Nc4 Nd7 14. Bb2 Rc8 15. e3
b5 16. Ncd2 dxe3 17. fxe3 Qb6 18. Qe2 f5 19. Kh1 Bf6 20. e4 g6 21. Rae1 Nd4 22.
Nxd4 exd4 23. exf5 Bxf5 24. g4 Rce8 25. Ne4 Bxe4 {(=)} 1/2-1/2

[Event "Kieler Open 2014-A"]
[Site "Kiel"]
[Date "2014.08.04"]
[Round "5.20"]
[White "Friebe, Martin"]
[Black "Boyens, Birger"]
[Result "1-0"]
[WhiteElo "2066"]
[BlackElo "1925"]
[PlyCount "111"]
[EventDate "2014.??.??"]
[WhiteTeam "Kieler SG"]
[BlackTeam "Husum"]

1. e4 c5 2. Nc3 Nc6 3. f4 g6 4. Nf3 Bg7 5. Bc4 e6 6. O-O Nge7 7. d3 O-O 8. Qe1
d5 9. Bb3 Nd4 10. Qh4 Nxb3 11. axb3 Nc6 12. Qf2 Nd4 13. e5 Nxf3+ 14. Qxf3 f6
15. exf6 Qxf6 16. Bd2 Bd7 17. Rae1 Bc6 18. Re2 b5 19. Rfe1 Rae8 20. Nd1 Ba8 21.
Qg4 h5 22. Qh3 Kf7 23. Re5 Bc6 24. Qg3 h4 25. Qg4 Rh8 26. Nf2 Re7 27. Nh3 Bd7
28. Be3 d4 29. Bf2 Ke8 30. Ng5 Bh6 31. Bxh4 Bxg5 32. Bxg5 Qf7 33. Rxc5 Qh7 34.
h3 Rf7 35. Qf3 Kf8 36. Qa8+ Kg7 37. Qe4 Kg8 38. Rc7 Qg7 39. Qa8+ Kh7 40. Qxa7
Rhf8 41. Re5 Bc6 42. Rxf7 Rxf7 43. Qxd4 Rf5 44. Qe3 Rxe5 45. fxe5 Qb7 46. Qf2
b4 47. Qh4+ Kg8 48. Bf6 Qa7+ 49. Kh2 Qc5 50. Qh8+ Kf7 51. Qg7+ Ke8 52. d4 Qf8
53. Qxg6+ Kd7 54. Qg7+ Qxg7 55. Bxg7 Be4 56. c3 1-0

[Event "Kieler Open 2014-A"]
[Site "Kiel"]
[Date "2014.08.04"]
[Round "5.21"]
[White "Skogvall, Martina"]
[Black "Schmidt, Peter"]
[Result "0-1"]
[WhiteElo "2060"]
[BlackElo "1924"]
[PlyCount "62"]
[EventDate "2014.??.??"]
[WhiteTeam "SF Berlin"]
[BlackTeam "Kieler SG"]

1. e4 e5 2. Nc3 Nf6 3. Bc4 Nxe4 4. Nxe4 d5 5. Bb3 dxe4 6. Qe2 Bf5 7. Qb5+ Nd7
8. Ne2 Bd6 9. Ng3 Bg6 10. O-O O-O 11. Qxb7 Nc5 12. Qd5 Kh8 13. f3 exf3 14. Qxf3
e4 15. Qg4 f5 16. Nxf5 Qf6 17. Ne3 Qd4 18. Bc4 Rxf1+ 19. Bxf1 Rf8 20. c3 Qf6
21. g3 Nd3 22. Bxd3 Qf2+ 23. Kh1 exd3 24. b4 Qe1+ 25. Kg2 Rf2+ 26. Kh3 Qh1 27.
Qc8+ Bf8 28. Ng4 Qf1+ 29. Kh4 Rf5 30. Ne3 Rh5+ 31. Kg4 Qh3+ 0-1

[Event "Kieler Open 2014-A"]
[Site "Kiel"]
[Date "2014.08.04"]
[Round "5.22"]
[White "Simon, Christopher"]
[Black "Neumann, Frank"]
[Result "1/2-1/2"]
[WhiteElo "1960"]
[BlackElo "2028"]
[PlyCount "41"]
[EventDate "2014.??.??"]
[WhiteTeam "Bad Schwartau"]
[BlackTeam "Agon Neumünster"]

1. e4 g6 2. d4 Bg7 3. Nf3 d6 4. Nbd2 e5 5. c3 Nc6 6. Nb3 Nf6 7. Bd3 O-O 8. O-O
Nh5 9. Re1 Bg4 10. Be2 Nf4 11. Bxf4 exf4 12. Qd2 g5 13. d5 Nb8 14. Nfd4 Bd7 15.
Qd1 Ba4 16. Nf5 Be5 17. Qd3 Bxb3 18. axb3 Nd7 19. Qh3 Kh8 20. Nh6 Nf6 21. Qf5 {
(=)} 1/2-1/2

[Event "Kieler Open 2014-A"]
[Site "Kiel"]
[Date "2014.08.04"]
[Round "5.23"]
[White "Berger, Joachim"]
[Black "Blanco-Cardenas, Ernesto"]
[Result "1-0"]
[WhiteElo "2025"]
[BlackElo "1875"]
[PlyCount "83"]
[EventDate "2014.??.??"]
[WhiteTeam "Lübeck"]
[BlackTeam "Kieler SG"]

1. e4 c6 2. Nc3 d5 3. Qf3 dxe4 4. Nxe4 Nf6 5. Bc4 e6 6. Ne2 Be7 7. d4 Nbd7 8.
Be3 Nb6 9. Bb3 Nbd5 10. Bd2 Qc7 11. c4 Nxe4 12. Qxe4 Nf6 13. Qh4 b6 14. O-O c5
15. Bg5 cxd4 16. Nxd4 Qc5 17. Rad1 h6 18. Bxf6 Bxf6 19. Qe4 Rb8 20. Ba4+ Kf8
21. Nc6 Bb7 22. Nxb8 Bxe4 23. Nd7+ Kg8 24. Nxc5 bxc5 25. b3 Bd4 26. Rfe1 Bb7
27. b4 Kh7 28. bxc5 Bxc5 29. Rd7 Rb8 30. Rxf7 Be4 31. h3 Bg6 32. Rc7 Bb6 33.
Rd7 Be8 34. Bc2+ Kg8 35. Rdd1 Bh5 36. Rb1 Rf8 37. Rxe6 Bxf2+ 38. Kh1 Bf7 39.
Rc6 Re8 40. Rf1 Bg3 41. Bg6 Bxc4 42. Rxc4 1-0

[Event "Kieler Open 2014-A"]
[Site "Kiel"]
[Date "2014.08.04"]
[Round "5.24"]
[White "Praczukowski, Stanislaw"]
[Black "Möller, Dustin"]
[Result "0-1"]
[WhiteElo "2018"]
[BlackElo "1819"]
[PlyCount "34"]
[EventDate "2014.??.??"]
[WhiteTeam "KS Laura Chylice"]
[BlackTeam "Eckernförde"]

1. e4 e6 2. d4 d5 3. Nd2 Nf6 4. e5 Nfd7 5. Bd3 c5 6. c3 Nc6 7. Ne2 cxd4 8. cxd4
f6 9. Nf4 Nxd4 10. Qh5+ Ke7 11. Ng6+ hxg6 12. Qxh8 Nxe5 13. Bb1 Qc7 14. Kd1 Bd7
15. Nb3 Qc4 16. Re1 Ba4 17. Re3 Ng4 0-1

[Event "Kieler Open 2014-A"]
[Site "Kiel"]
[Date "2014.08.04"]
[Round "5.25"]
[White "Christensen, Andreas"]
[Black "Horn, Sven"]
[Result "0-1"]
[WhiteElo "1733"]
[BlackElo "2158"]
[PlyCount "122"]
[EventDate "2014.??.??"]
[WhiteTeam "Hamburger SK"]
[BlackTeam "Oberschöneweide"]

1. e4 e5 2. Nf3 Nf6 3. Nxe5 d6 4. Nf3 Nxe4 5. d4 d5 6. Bd3 Nc6 7. O-O Be7 8.
Re1 Bg4 9. c3 Nf6 10. Nbd2 O-O 11. Qc2 h6 12. h3 Be6 13. Nf1 Bd6 14. Ne3 Re8
15. Bd2 Ne4 16. Re2 f5 17. Rae1 Ne7 18. Ne5 Bxe5 19. dxe5 Ng6 20. Nf1 Nxe5 21.
Bf4 Ng6 22. Bc1 Qd7 23. f3 Nc5 24. g4 Nh4 25. Nh2 Qd6 26. Re5 Nd7 27. Bf4 {(=)}
Nxe5 28. Bxe5 Qc5+ 29. Bd4 Qf8 30. Bf2 Qf6 31. Bd4 Qg5 32. Be3 f4 33. Bf2 Bf7
34. Rd1 Ng6 35. b3 Ne5 36. Bb5 c6 37. Bf1 Qg6 38. Qd2 Qf6 39. Kh1 g5 40. Bd4 b6
41. Kg2 c5 42. Bf2 Rad8 43. Bb5 Re7 44. Qb2 Be8 45. Bf1 Bc6 46. Be2 Rde8 47.
Bf1 Nf7 48. Bd3 Nd6 49. Bf1 a5 50. Qd2 Kg7 51. Rc1 Ne4 52. fxe4 dxe4 53. Be3
Rd7 54. Qe1 fxe3 55. Be2 Rd2 56. c4 Qb2 57. a4 Rxe2+ 58. Qxe2 Qxe2+ 59. Kh1 Rf8
60. Rg1 Rf2 61. b4 Rxh2# 0-1

[Event "Kieler Open 2014-A"]
[Site "Kiel"]
[Date "2014.08.04"]
[Round "5.26"]
[White "Guetschow, Martin"]
[Black "Oltzen, Samuel"]
[Result "1-0"]
[WhiteElo "1991"]
[BlackElo "1847"]
[PlyCount "53"]
[EventDate "2014.??.??"]
[WhiteTeam "Segeberg"]
[BlackTeam "Lübeck"]

1. e4 c5 2. d4 cxd4 3. c3 dxc3 4. Nxc3 Nc6 5. Nf3 e6 6. Bc4 a6 7. O-O b5 8. Bb3
Bc5 9. Bf4 d6 10. Qe2 Nge7 11. Rfd1 Qc7 12. Rac1 O-O 13. e5 dxe5 14. Nxe5 Bd6
15. Rxd6 Qxd6 16. Ne4 Nd4 17. Nf6+ Kh8 18. Qh5 gxf6 19. Nxf7+ Rxf7 20. Bxd6 Ng6
21. Qd1 Nxb3 22. Qxb3 Ne5 23. Bxe5 fxe5 24. Qc3 Rf5 25. g4 Rg5 26. Qf3 e4 27.
Qf8+ 1-0

[Event "Kieler Open 2014-A"]
[Site "Kiel"]
[Date "2014.08.04"]
[Round "5.27"]
[White "Meyer, Jürgen"]
[Black "Garcia Ruiz, Adrian"]
[Result "1/2-1/2"]
[WhiteElo "1955"]
[BlackElo "1794"]
[PlyCount "122"]
[EventDate "2014.??.??"]
[WhiteTeam "Heide"]

1. e4 e6 2. d4 d5 3. Nc3 Nf6 4. Bg5 Be7 5. e5 Nfd7 6. Bxe7 Qxe7 7. Nb5 Nb6 8.
c3 a6 9. Na3 c5 10. Nc2 Nc6 11. f4 cxd4 12. cxd4 Bd7 13. Nf3 Rc8 14. Qd2 Na7
15. Ne3 Bb5 16. Bxb5+ Nxb5 17. a4 Na7 18. b3 Nc6 19. Ke2 Qb4 20. Qxb4 Nxb4 21.
Rhc1 Ke7 22. Kd2 h6 23. Ne1 Nc6 24. Nf3 Na5 25. Rab1 Rxc1 26. Kxc1 Rc8+ 27. Kb2
Kd7 28. Nd1 Ke7 {(=)} 29. Nf2 Kf8 30. Nd3 Kg8 31. Nc5 Rc7 32. g4 Nd7 33. Nd3
Kf8 34. h4 Ke7 35. h5 Rc8 36. Rg1 Kf8 37. Rg2 Kg8 38. f5 Rc6 39. Rc2 Kf8 40.
Rxc6 Nxc6 41. Kc3 Ke7 42. fxe6 fxe6 43. b4 b6 44. Nf4 Nf8 45. b5 axb5 46. axb5
Nd8 47. g5 hxg5 48. Nxg5 Nf7 49. Ngxe6 Nxe6 50. Nxd5+ Kd8 51. Nxb6 Nf4 52. Nc4
Kc7 53. Kd2 Kb7 54. Ke3 Nxh5 55. e6 Nh6 56. d5 Nf6 57. d6 Nf5+ 58. Kf4 Nxd6 59.
Nxd6+ Kb6 60. e7 Nd5+ 61. Ke5 Nxe7 1/2-1/2

[Event "Kieler Open 2014-A"]
[Site "Kiel"]
[Date "2014.08.04"]
[Round "5.28"]
[White "Van Diermen, Arie"]
[Black "Rosmait, Emily"]
[Result "1-0"]
[WhiteElo "1923"]
[BlackElo "1824"]
[PlyCount "63"]
[EventDate "2014.??.??"]
[BlackTeam "Harksheide"]

1. e4 e5 2. Nf3 Nc6 3. Bc4 Nf6 4. Ng5 d5 5. exd5 Na5 6. d3 h6 7. Nf3 e4 8. Qe2
Nxc4 9. dxc4 Bg4 10. h3 Bh5 11. g4 Bg6 12. Nh2 Bd6 13. Be3 Qe7 14. c3 Nd7 15.
Bd4 Ne5 16. Bxe5 Bxe5 17. Nd2 f5 18. gxf5 Bxf5 19. Ng4 Bf4 20. Ne3 Bh7 21. Nb3
Qd6 22. Nd4 O-O-O 23. Ne6 Rd7 24. Rg1 g5 25. c5 Qe5 26. c6 Re7 27. Qb5 Rxe6 28.
Qxb7+ Kd8 29. dxe6 Ke7 30. Rd1 Kxe6 31. Qb3+ Ke7 32. Rd7+ 1-0

[Event "Kieler Open 2014-A"]
[Site "Kiel"]
[Date "2014.08.04"]
[Round "5.29"]
[White "Nahnsen, Kenneth"]
[Black "Gutschenreiter, Dorian"]
[Result "1/2-1/2"]
[WhiteElo "1794"]
[BlackElo "1874"]
[PlyCount "62"]
[EventDate "2014.??.??"]
[WhiteTeam "Doppelbauer Kiel"]
[BlackTeam "Flensburg"]

1. e4 g6 2. d4 Bg7 3. c4 d6 4. Nc3 Nc6 5. Be3 e5 6. Nge2 f5 7. d5 Nce7 8. f3
Nf6 9. Qd3 O-O 10. O-O-O fxe4 11. Nxe4 Bf5 12. N2c3 b6 13. Be2 Nh5 14. g3 Nf6
15. g4 Bxe4 16. Nxe4 Nxe4 17. fxe4 a6 18. Qd2 b5 19. h4 bxc4 20. h5 Qd7 21. Bh6
c3 22. bxc3 Rab8 23. hxg6 Nxg6 24. Bxg7 Qxg7 25. Qg5 Rf2 26. Qe3 Qf7 27. Rdf1
Qf4 28. Qxf4 Rxf4 29. Rxf4 Nxf4 30. Bc4 Kg7 31. Kc2 a5 {(=)} 1/2-1/2

[Event "Kieler Open 2014-A"]
[Site "Kiel"]
[Date "2014.08.04"]
[Round "5.30"]
[White "Wanner, Lukas"]
[Black "Dreessen, Jakob"]
[Result "1-0"]
[WhiteElo "1764"]
[BlackElo "1869"]
[PlyCount "39"]
[EventDate "2014.??.??"]
[WhiteTeam "Doppelbauer Kiel"]
[BlackTeam "Segeberg"]

1. d4 Nf6 2. Nf3 g6 3. Nc3 d5 4. Bf4 Bg7 5. Qd2 Ne4 6. Nxe4 dxe4 7. Ne5 O-O 8.
O-O-O b5 9. f3 Qd5 10. c4 bxc4 11. e3 exf3 12. Bxc4 Qb7 13. gxf3 e6 14. h4 h5
15. Rhg1 Nc6 16. Qd3 Rb8 17. Rg2 Nxe5 18. Bxe5 Qxf3 19. Rdg1 Qb7 20. Bxg7 1-0

[Event "Kieler Open 2014-A"]
[Site "Kiel"]
[Date "2014.08.04"]
[Round "5.31"]
[White "Millgramm, Stephan"]
[Black "Bienert, Marco"]
[Result "1/2-1/2"]
[WhiteElo "1865"]
[BlackElo "1758"]
[PlyCount "54"]
[EventDate "2014.??.??"]
[WhiteTeam "Flensburg"]

1. e4 c6 2. d4 d5 3. f3 dxe4 4. fxe4 e5 5. Nf3 exd4 6. Qxd4 Qxd4 7. Nxd4 Bc5 8.
c3 Nf6 9. Bd3 Nbd7 10. Bf4 O-O 11. Nd2 Re8 12. O-O-O Ne5 13. Bxe5 Rxe5 14. h3
Bd7 15. Rde1 Rd8 16. N2f3 Re7 17. g4 Rde8 18. Nd2 Bxd4 19. cxd4 Be6 20. b3 Rd8
21. Nf3 Red7 22. Re2 Ne8 23. Rc2 f6 24. Kd2 Bf7 25. Bc4 Nd6 26. Bxf7+ Kxf7 27.
Kd3 Nb5 {(=)} 1/2-1/2

[Event "Kieler Open 2014-A"]
[Site "Kiel"]
[Date "2014.08.04"]
[Round "5.32"]
[White "Malchau, Jochen"]
[Black "Weishäutel, Moritz"]
[Result "1/2-1/2"]
[WhiteElo "1664"]
[BlackElo "1849"]
[PlyCount "53"]
[EventDate "2014.??.??"]
[WhiteTeam "Greifswald"]
[BlackTeam "Erfurt"]

1. d4 d5 2. c4 e6 3. Nc3 Nf6 4. Bg5 Be7 5. e3 O-O 6. Nf3 Nbd7 7. Bd3 dxc4 8.
Bxc4 a6 9. a4 b6 10. O-O Bb7 11. Qe2 Nd5 12. Bxe7 Qxe7 13. Rfc1 N7f6 14. Nxd5
Bxd5 15. Bxd5 exd5 16. Rc2 c5 17. dxc5 bxc5 18. Rac1 c4 19. Rd2 Qb4 20. Qd1
Rad8 21. Ne5 Ne4 22. Rxd5 Rxd5 23. Qxd5 Qxb2 24. Rf1 Nd2 25. Nxc4 Qa2 26. Qxd2
Qxc4 27. Qd4 1/2-1/2

[Event "Kieler Open 2014-A"]
[Site "Kiel"]
[Date "2014.08.04"]
[Round "5.33"]
[White "Henschen, Patrick"]
[Black "Müller, Winus"]
[Result "1/2-1/2"]
[WhiteElo "1667"]
[BlackElo "2049"]
[PlyCount "73"]
[EventDate "2014.??.??"]
[WhiteTeam "Segeberg"]

1. d4 Nf6 2. c4 g6 3. Nc3 d5 4. cxd5 Nxd5 5. e4 Nxc3 6. bxc3 Bg7 7. Bc4 O-O 8.
Ne2 c5 9. O-O cxd4 10. cxd4 Nc6 11. Be3 e6 12. Qd2 Na5 13. Bd3 b6 14. Rac1 Bb7
15. f3 Qd7 16. Rfd1 Rfd8 17. Qb4 Nc6 18. Qb5 Nxd4 19. Qxd7 Rxd7 20. Nxd4 Bxd4
21. Bxd4 Rxd4 22. Bb5 Rxd1+ 23. Rxd1 a6 24. Be2 b5 25. Rd7 Bc6 26. Rc7 Be8 27.
Kf2 f6 28. h4 Bf7 29. a3 e5 30. Ke3 Be8 31. Rb7 Rc8 32. Kd2 Rc6 33. g4 Rd6+ 34.
Kc3 Bd7 35. Ra7 Kf7 36. a4 Rc6+ 37. Kb4 {(=)} 1/2-1/2

[Event "Kieler Open 2014-A"]
[Site "Kiel"]
[Date "2014.08.04"]
[Round "5.34"]
[White "Kowalski, Ben Wito"]
[Black "Gwiazda, Slawomir"]
[Result "0-1"]
[WhiteElo "1706"]
[BlackElo "1969"]
[PlyCount "70"]
[EventDate "2014.??.??"]
[WhiteTeam "Stade"]

1. e4 e6 2. d4 d5 3. exd5 exd5 4. Bd3 Bd6 5. Ne2 Qh4 6. Nbc3 Nf6 7. Be3 O-O 8.
Qd2 Ne4 9. Bxe4 dxe4 10. O-O-O Nd7 11. h3 Nb6 12. g3 Qe7 13. d5 Bd7 14. Qd4 f5
15. b3 a5 16. Qd2 a4 17. Kb1 Ra6 18. h4 Rfa8 19. h5 h6 20. Nf4 Bb4 21. Ng6 Qd6
22. Bf4 Qc5 23. Be5 axb3 24. cxb3 {(=)} Rxa2 25. Qxa2 Rxa2 26. Nxa2 Bb5 27.
Nxb4 Qxb4 28. Ka2 Bd3 29. Rc1 Nxd5 30. Rhd1 c5 31. Bb2 Qa5+ 32. Ba3 Nc3+ 33.
Rxc3 Qxc3 34. Rc1 Qd2+ 35. Bb2 Qxf2 0-1

[Event "Kieler Open 2014-A"]
[Site "Kiel"]
[Date "2014.08.04"]
[Round "5.35"]
[White "Martinez-Corrales, Vladimir"]
[Black "Scepanik, Hans-Jürgen"]
[Result "1/2-1/2"]
[WhiteElo "1708"]
[BlackElo "1958"]
[PlyCount "49"]
[EventDate "2014.??.??"]
[WhiteTeam "Holsatia Kiel"]
[BlackTeam "Kieler SG"]

1. d4 d5 2. Nf3 Nf6 3. Bf4 g6 4. e3 Bg7 5. h3 a6 6. c4 c6 7. Nc3 e6 8. cxd5
Nxd5 9. Nxd5 exd5 10. Be5 f6 11. Bh2 Qa5+ 12. Qd2 Qxd2+ 13. Nxd2 Be6 14. Rc1
Bf8 15. a3 Nd7 16. Bd3 Rc8 17. Nb3 c5 18. dxc5 Nxc5 19. Nxc5 Bxc5 20. Ke2 Kd7
21. Rc2 Bd6 22. Bxd6 Rxc2+ 23. Bxc2 Kxd6 24. Rd1 Rc8 25. Rd2 1/2-1/2

[Event "Kieler Open 2014-A"]
[Site "Kiel"]
[Date "2014.08.04"]
[Round "5.36"]
[White "Hartwig, Sebastian"]
[Black "Petersen, Finn Christopher"]
[Result "1/2-1/2"]
[WhiteElo "1891"]
[BlackElo "1616"]
[PlyCount "76"]
[EventDate "2014.??.??"]
[WhiteTeam "Neustadt"]
[BlackTeam "Doppelbauer Kiel"]

1. e4 e5 2. Nf3 Nc6 3. d4 exd4 4. Nxd4 Nf6 5. Nxc6 bxc6 6. Bd3 d5 7. Nd2 Bc5 8.
h3 O-O 9. O-O Re8 10. Qf3 Nd7 11. a3 Qh4 12. exd5 Ne5 13. Qe4 Qxe4 14. Bxe4 f5
15. Bf3 Nxf3+ 16. Nxf3 cxd5 17. Bf4 Ba6 18. Rfe1 c6 19. Ne5 Bd6 20. h4 Re6 21.
Nd3 Rxe1+ 22. Rxe1 Bxd3 23. Bxd6 Bxc2 24. Rc1 Ba4 25. Bc5 a6 26. Rc3 Rb8 27. b4
Re8 28. Re3 Rxe3 29. Bxe3 Kf7 30. Kh2 Ke6 31. Bd4 g6 32. Kg3 h6 33. Kf4 Bc2 34.
Bg7 h5 35. Bd4 Be4 36. g3 Bd3 37. Kg5 Kf7 38. Kf4 Ke6 1/2-1/2

[Event "Kieler Open 2014-A"]
[Site "Kiel"]
[Date "2014.08.04"]
[Round "5.37"]
[White "Rohmann, Volker"]
[Black "Jacobsen, Trond"]
[Result "1-0"]
[WhiteElo "1850"]
[BlackElo "1678"]
[PlyCount "99"]
[EventDate "2014.??.??"]
[WhiteTeam "Friedrichsort"]
[BlackTeam "Oslo"]

1. e4 c5 2. Nf3 d6 3. d4 cxd4 4. Nxd4 Nf6 5. Nc3 e6 6. Be2 Be7 7. Be3 O-O 8.
O-O a6 9. Qd2 Qc7 10. f4 Bd7 11. a4 Nc6 12. Nb3 b6 13. g4 Rfd8 14. g5 Ne8 15.
h4 g6 16. Bd3 Ng7 17. Qf2 Rdb8 18. f5 Bf8 19. f6 Ne8 20. Qe2 Nb4 21. h5 d5 22.
Bf4 Bd6 23. e5 Bc5+ 24. Kh2 Nxd3 25. cxd3 Qb7 26. hxg6 fxg6 27. d4 Bb4 28. Bd2
Kf7 29. Kg3 Nc7 30. Rh1 Rh8 31. Rh6 b5 32. a5 Bxc3 33. bxc3 b4 34. cxb4 Qb5 35.
Qxb5 Nxb5 36. Rc1 Rac8 37. Rc5 Rxc5 38. bxc5 Na3 39. Kf3 Nc4 40. Bc3 Bb5 41.
Nc1 Ke8 42. Ne2 Ba4 43. Nf4 Bd1+ 44. Kf2 Bc2 45. Nxe6 Kd7 46. Nf4 Kc6 47. e6
Bf5 48. f7 Bxe6 49. Nxe6 Kd7 50. f8=Q 1-0

[Event "Kieler Open 2014-A"]
[Site "Kiel"]
[Date "2014.08.04"]
[Round "5.38"]
[White "Wenske, Hardy"]
[Black "Werner, René"]
[Result "1/2-1/2"]
[WhiteElo "1819"]
[BlackElo "1890"]
[PlyCount "37"]
[EventDate "2014.??.??"]
[WhiteTeam "Kieler SG"]
[BlackTeam "Kieler SG"]

1. Nf3 c5 2. e3 Nf6 3. d4 e6 4. Bd3 d5 5. c3 c4 6. Bc2 b5 7. a3 a5 8. Nbd2 Bb7
9. Ne5 Bd6 10. f4 Nbd7 11. O-O O-O 12. Qf3 Qc7 13. g4 g6 14. Qh3 {(=)} b4 15.
Ndf3 Ne4 16. Bxe4 dxe4 17. Nxd7 Qxd7 18. Ne5 Qc7 19. g5 {(=)} 1/2-1/2

[Event "Kieler Open 2014-A"]
[Site "Kiel"]
[Date "2014.08.04"]
[Round "5.39"]
[White "Rosenkranz, Bernd-Christian"]
[Black "Helmich, Jörg"]
[Result "1/2-1/2"]
[WhiteElo "1656"]
[BlackElo "1749"]
[PlyCount "97"]
[EventDate "2014.??.??"]
[WhiteTeam "Rendsburg"]
[BlackTeam "Regensburg"]

1. e4 e6 2. d3 d5 3. Nd2 Nf6 4. Ngf3 b6 5. e5 Nfd7 6. d4 c5 7. c3 cxd4 8. cxd4
Ba6 9. Be2 Bxe2 10. Qxe2 Nc6 11. O-O Be7 12. Nb3 Rc8 13. Bd2 O-O 14. a3 Rc7 15.
Rfc1 Qb8 16. Rc2 Rfc8 17. Rac1 Nd8 18. Bg5 Bxg5 19. Nxg5 h6 20. Nh3 Qb7 21. f4
Rxc2 22. Rxc2 Rxc2 23. Qxc2 Qc6 24. Qxc6 Nxc6 25. Kf2 a5 26. Ke3 a4 27. Na1 Na5
28. Kd3 Nc4 29. Kc3 Nb8 30. Nc2 Nc6 31. Nf2 Kf8 32. Nd3 Ke8 33. g4 g6 34. h3
Ke7 35. b3 axb3 36. Kxb3 Kd7 37. Kc3 Kc7 38. h4 Kd7 39. Nde1 Ke7 40. Nf3 Kd7
41. a4 Ke7 42. Nfe1 Kd7 43. Nd3 Ke7 44. Nc1 Kd7 45. Ne2 Ke7 46. Ng3 Kf8 47. h5
gxh5 48. Nxh5 Ne7 49. Ng3 1/2-1/2

[Event "Kieler Open 2014-A"]
[Site "Kiel"]
[Date "2014.08.04"]
[Round "5.40"]
[White "Röhl, Manfred"]
[Black "Rabe, Klaus"]
[Result "1/2-1/2"]
[WhiteElo "1823"]
[BlackElo "2054"]
[PlyCount "43"]
[EventDate "2014.??.??"]
[WhiteTeam "Bremen-Nord"]
[BlackTeam "Kieler SG"]

1. d4 Nf6 2. Nf3 g6 3. Nbd2 d5 4. e3 Bg7 5. Be2 O-O 6. O-O b6 7. Ne5 Bb7 8. f4
c5 9. c3 Nbd7 10. Qe1 Rc8 11. Ndf3 Ne4 12. Bd2 f6 13. Nxd7 Qxd7 14. Kh1 e6 15.
Rg1 Rce8 16. Qf1 c4 17. Bc1 e5 18. Nd2 exf4 19. Nxe4 Rxe4 20. Bf3 Re7 21. exf4
Rfe8 22. Bd2 1/2-1/2

[Event "Kieler Open 2014-A"]
[Site "Kiel"]
[Date "2014.08.04"]
[Round "5.41"]
[White "Karlisch, Moritz"]
[Black "Kiep, Fabian"]
[Result "1/2-1/2"]
[WhiteElo "1602"]
[BlackElo "1708"]
[PlyCount "69"]
[EventDate "2014.??.??"]
[WhiteTeam "Doppelbauer Kiel"]
[BlackTeam "Agon Neumünster"]

1. d4 d5 2. c4 c6 3. Nf3 Nf6 4. Qc2 e6 5. Bg5 Be7 6. Nbd2 Nbd7 7. e3 h6 8. Bh4
O-O 9. Bd3 Ng4 10. Bxe7 Qxe7 11. h3 Ngf6 12. O-O-O e5 13. dxe5 Nxe5 14. Nxe5
Qxe5 15. Nf3 Qc7 16. g4 Qa5 17. Kb1 Re8 18. Rhg1 dxc4 19. Bxc4 Be6 20. Bxe6
Rxe6 21. g5 Ne8 22. Nd4 Rg6 23. gxh6 Rxh6 24. Rg3 Rh5 25. Rf3 Rd8 26. Qb3 {(=)}
Qc7 27. Nf5 Rxd1+ 28. Qxd1 Qe5 29. Qd3 Rg5 30. Ng3 Qd5 31. e4 Qa5 32. Qe3 Qd8
33. Qb3 Qd7 {(=)} 34. h4 Rb5 35. Qc2 {(=)} 1/2-1/2